[Event "Bucharest Grand Prix op"]
[Site "Bucharest"]
[Date "2024.03.24"]
[Round "5"]
[White "Sachilaru, Alexandru"]
[Black "Fridman, Daniel"]
[Result "0-1"]
[WhiteElo "2203"]
[BlackElo "2590"]
[PlyCount "86"]
[EventDate "2024.03.23"]
[EventType "swiss (rapid)"]
[EventRounds "10"]
[EventCountry "ROU"]
[SourceTitle "CB13_2024"]
[SourceDate "2024.03.27"]
[SourceVersion "1"]
[SourceVersionDate "2024.03.27"]
[SourceQuality "1"]

1. e4 d6 2. d4 Nf6 3. Nc3 g6 4. Be3 c6 5. Qd2 b5 6. f3 Nbd7 7. 0-0-0 Qa5 8. Kb1 Nb6 9. Nd5 Qxd2 10. Nxf6+ exf6 11. Rxd2 a6 12. b3 f5 13. Bd3 Bg7 14. Ne2 fxe4 15. Bxe4 Bd7 16. Bf4 f5 17. Bd3 Ke7 18. Re1 Be6 19. Bg5+ Bf6 20. Bxf6+ Kxf6 21. Nf4 Bf7 22. c3 g5 23. Nh3 a5 24. Kb2 a4 25. Rde2 axb3 26. axb3 Ra7 27. f4 h6 28. g4 Rha8 29. Bxf5 Ra2+ 30. Kc1 Rxe2 31. Rxe2 Bxb3 32. fxg5+ hxg5 33. Rf2 Kg7 34. Nxg5 Ra1+ 35. Bb1 Bd5 36. h4 Na4 37. Kc2 Ra3 38. Kd2 Nxc3 39. Bc2 b4 40. h5 b3 41. Kxc3 bxc2+ 42. Kb2 Ra2+ 43. Kc1 Ra1+ 0-1

[Event "Wch U16"]
[Site "Montesilvano"]
[Date "2023.11.24"]
[Round "11"]
[White "Palczert, Matyas"]
[Black "Sachilaru, Alexandru"]
[Result "1-0"]
[WhiteElo "2349"]
[BlackElo "2152"]
[PlyCount "111"]
[EventDate "2023.11.13"]
[EventType "swiss"]
[EventRounds "11"]
[EventCountry "ITA"]
[SourceTitle "CB48_2023"]
[SourceDate "2023.11.29"]
[SourceVersion "1"]
[SourceVersionDate "2023.11.29"]
[SourceQuality "1"]

1. e4 c5 2. Nf3 d6 3. d4 cxd4 4. Nxd4 Nf6 5. Nc3 a6 6. h3 e5 7. Nb3 Be6 8. Be3 Be7 9. g4 d5 10. exd5 Nxd5 11. Bg2 Nxe3 12. Qxd8+ Bxd8 13. fxe3 Bh4+ 14. Kd2 Nc6 15. Nc5 0-0-0+ 16. Kc1 Bf2 17. Nd1 Bd5 18. Bxd5 Rxd5 19. Na4 Ra5 20. b3 Bh4 21. Ndc3 b5 22. Nc5 b4 23. N3a4 Be7 24. Ne4 Kc7 25. Rd1 Rb5 26. Kb2 Rd8 27. c4 Rbb8 28. Rd5 Rxd5 29. cxd5 Nd8 30. Rc1+ Kd7 31. Nac5+ Bxc5 32. Nxc5+ Kd6 33. Nxa6 Rb6 34. Rc8 Rxa6 35. Rxd8+ Kc5 36. d6 Kc6 37. d7 Ra7 38. e4 Rb7 39. a4 Kd6 40. Rf8 Rxd7 41. Rb8 Kc7 42. Rxb4 Rd2+ 43. Ka3 Rh2 44. a5 Rxh3 45. Ka4 Rh6 46. Rc4+ Kb7 47. b4 Rd6 48. Rc5 Rg6 49. Rxe5 Rxg4 50. Kb5 h5 51. a6+ Kb8 52. Ka5 Rg1 53. Rxh5 Kc7 54. Rc5+ Kb8 55. b5 g5 56. Kb6 1-0

[Event "Sebes GP op"]
[Site "Sebes"]
[Date "2023.11.04"]
[Round "4"]
[White "Ceteras, Marius Nicolae"]
[Black "Sachilaru, Alexandru"]
[Result "1/2-1/2"]
[WhiteElo "2391"]
[BlackElo "2152"]
[PlyCount "70"]
[EventDate "2023.11.04"]
[EventType "swiss"]
[EventRounds "10"]
[EventCountry "ROU"]
[SourceTitle "CB46_2023"]
[SourceDate "2023.11.15"]
[SourceVersion "1"]
[SourceVersionDate "2023.11.15"]
[SourceQuality "1"]

1. d4 Nf6 2. Nf3 g6 3. c4 Bg7 4. g3 0-0 5. Bg2 d6 6. 0-0 Nc6 7. Nc3 Rb8 8. Bf4 a6 9. Rc1 Bg4 10. h3 Bxf3 11. Bxf3 e5 12. dxe5 dxe5 13. Qxd8 Rfxd8 14. Bg5 Rd7 15. Bxc6 bxc6 16. Bxf6 Bxf6 17. b3 Be7 18. Rfd1 Rbd8 19. Rxd7 Rxd7 20. Rd1 Rxd1+ 21. Nxd1 f5 22. e4 Kf7 23. Kg2 Ke6 24. Kf3 Bc5 25. Nb2 a5 26. Nd3 Bd4 27. g4 Kf6 28. a3 Ke6 29. b4 a4 30. g5 f4 31. Nc5+ Bxc5 32. bxc5 Kd7 33. Ke2 Kc8 34. Kd3 Kb7 35. Kc3 Ka6 1/2-1/2

[Event "Arad op 16th"]
[Site "Arad"]
[Date "2023.08.08"]
[Round "2"]
[White "Sachilaru, Alexandru"]
[Black "Martirosyan, Haik M"]
[Result "0-1"]
[WhiteElo "2219"]
[BlackElo "2683"]
[PlyCount "102"]
[EventDate "2023.08.07"]
[EventType "swiss"]
[EventRounds "9"]
[EventCountry "ROU"]
[SourceTitle "EXT 2024"]
[Source "ChessBase"]
[SourceDate "2023.10.10"]
[SourceVersion "1"]
[SourceVersionDate "2023.10.10"]
[SourceQuality "1"]

1. e4 c5 2. Nf3 Nc6 3. d4 cxd4 4. Nxd4 e6 5. Nc3 Qc7 6. Be3 a6 7. Qf3 Bd6 8. 0-0-0 Be5 9. Nxc6 bxc6 10. Bd4 Bxd4 11. Rxd4 d5 12. Qg3 Qxg3 13. hxg3 Nf6 14. exd5 cxd5 15. Be2 Ke7 16. Rhd1 Bd7 17. g4 g5 18. Rb4 a5 19. Rb7 Rhb8 20. Rxb8 Rxb8 21. a3 Bc6 22. Bf3 Rg8 23. Ne2 h5 24. Nd4 Bd7 25. gxh5 g4 26. Be2 Nxh5 27. g3 Nf6 28. Bd3 e5 29. Nb3 a4 30. Nc5 Bc6 31. b4 axb3 32. cxb3 d4 33. b4 Bf3 34. Re1 Kd6 35. Kd2 Rh8 36. Bc4 Rh2 37. Bxf7 Rxf2+ 38. Kc1 e4 39. Bg6 d3 40. Nxd3 exd3 41. Bxd3 Nh5 42. Rg1 Ra2 43. Kb1 Rxa3 44. Bg6 Nf6 45. Kb2 Re3 46. Bf5 Ke5 47. Bc8 Ne4 48. b5 Nd6 49. Bd7 Nc4+ 50. Kc2 Be4+ 51. Kc1 Rb3 0-1

[Event "EU-chT U18"]
[Site "Iasi"]
[Date "2023.07.28"]
[Round "5.1"]
[White "Sachilaru, Alexandru"]
[Black "Ozen, Metehan"]
[Result "1/2-1/2"]
[WhiteElo "2133"]
[BlackElo "2043"]
[PlyCount "85"]
[EventDate "2023.07.24"]
[EventType "team-swiss"]
[EventRounds "7"]
[EventCountry "ROU"]
[SourceTitle "CBM 215 Extra"]
[Source "ChessBase"]
[SourceDate "2023.09.30"]
[SourceVersion "1"]
[SourceVersionDate "2023.09.30"]
[SourceQuality "1"]
[WhiteTeam "Romania Iasi U18"]
[BlackTeam "Turkey U18"]
[WhiteTeamCountry "ROU"]
[BlackTeamCountry "TUR"]

1. e4 c5 2. Nf3 d6 3. d4 cxd4 4. Nxd4 Nf6 5. Nc3 a6 6. Bg5 e6 7. f4 Be7 8. Qf3 Qc7 9. 0-0-0 Nbd7 10. g4 h6 11. Bxf6 Bxf6 12. h4 Nb6 13. Be2 Bd7 14. g5 Bxd4 15. Rxd4 0-0-0 16. Rhd1 Bc6 17. g6 fxg6 18. Qg4 Qf7 19. Rxd6 Rxd6 20. Rxd6 Kc7 21. Rd1 Rf8 22. Rf1 Kb8 23. Bd3 Qc7 24. Kb1 e5 25. fxe5 Rxf1+ 26. Bxf1 Qxe5 27. Qxg6 Qf4 28. Be2 Qxh4 29. Qxg7 Qe1+ 30. Bd1 Na4 31. Qh8+ Kc7 32. Qe5+ Kc8 33. Qe6+ Kc7 34. Qe7+ Kc8 35. Qe6+ Kc7 36. Qe7+ Kc8 37. Qf8+ Kc7 38. Qf4+ Kc8 39. Qg4+ Kb8 40. Nxa4 Bxa4 41. Qe2 Qxe2 42. Bxe2 Kc7 43. e5 1/2-1/2

[Event "Braila GP RO Stage 5"]
[Site "Braila"]
[Date "2022.11.06"]
[Round "10"]
[White "Ignat, Matei Marius"]
[Black "Sachilaru, Alexandru"]
[Result "1-0"]
[WhiteElo "2068"]
[BlackElo "2185"]
[PlyCount "101"]
[EventDate "2022.11.05"]
[EventType "swiss (rapid)"]
[EventRounds "10"]
[EventCountry "ROU"]
[SourceTitle "EXT 2024"]
[Source "ChessBase"]
[SourceDate "2023.10.10"]
[SourceVersion "1"]
[SourceVersionDate "2023.10.10"]
[SourceQuality "1"]

1. e4 c5 2. Nf3 d6 3. Bb5+ Nd7 4. a4 Ngf6 5. Nc3 g6 6. 0-0 Bg7 7. a5 a6 8. Be2 0-0 9. d4 cxd4 10. Qxd4 Ng4 11. Qb4 Nge5 12. Nxe5 Nxe5 13. Nd5 Nc6 14. Qb6 e6 15. Qxd8 Rxd8 16. Nb6 Rb8 17. Rd1 Nd4 18. Bd3 Bd7 19. Bg5 f6 20. Be3 Nc6 21. Bc4 Be8 22. Bxe6+ Bf7 23. Bxf7+ Kxf7 24. Rd5 Ne7 25. Rd3 f5 26. exf5 Nxf5 27. c3 Re8 28. Bf4 h5 29. Kf1 Rbd8 30. Rad1 Be5 31. Bxe5 Rxe5 32. Nc4 Re6 33. f3 Ke7 34. Kf2 Rc8 35. Nb6 Rc5 36. b4 Rce5 37. Nd5+ Kf7 38. R3d2 g5 39. g3 Kg7 40. f4 gxf4 41. Nxf4 Rh6 42. Re2 Rxe2+ 43. Kxe2 Kf7 44. Rd5 Kf6 45. Kf3 Rh8 46. h3 Rh7 47. g4 hxg4+ 48. hxg4 Ne7 49. Rxd6+ Kg5 50. Kg3 Rf7 51. Nh3# 1-0

[Event "Braila GP RO Stage 5"]
[Site "Braila"]
[Date "2022.11.06"]
[Round "8"]
[White "Martinenco, Sergiu"]
[Black "Sachilaru, Alexandru"]
[Result "0-1"]
[WhiteElo "1889"]
[BlackElo "2185"]
[PlyCount "76"]
[EventDate "2022.11.05"]
[EventType "swiss (rapid)"]
[EventRounds "10"]
[EventCountry "ROU"]
[SourceTitle "EXT 2024"]
[Source "ChessBase"]
[SourceDate "2023.10.10"]
[SourceVersion "1"]
[SourceVersionDate "2023.10.10"]
[SourceQuality "1"]

1. d4 Nf6 2. Nf3 g6 3. c4 Bg7 4. Nc3 0-0 5. e4 d6 6. Be2 e5 7. 0-0 Nc6 8. d5 Ne7 9. Ne1 Nd7 10. f3 f5 11. Nd3 f4 12. b4 a5 13. bxa5 Rxa5 14. a4 g5 15. Bd2 Ra8 16. a5 Ng6 17. Na4 Nf6 18. Nf2 h5 19. h3 g4 20. hxg4 hxg4 21. fxg4 Nh7 22. c5 Ng5 23. Bf3 Nh4 24. cxd6 Qxd6 25. Rb1 Nhxf3+ 26. gxf3 Qh6 27. Be1 b5 28. Nc5 Rf6 29. Rb3 Bf8 30. Ne6 Nxe6 31. dxe6 Bxe6 32. Rxb5 Bd6 33. Qb1 Kg7 34. Rb8 Rxb8 35. Qxb8 Rf8 36. Qb7 Rh8 37. Nh3 Qxh3 38. Rf2 Qh1# 0-1

[Event "Braila GP RO Stage 5"]
[Site "Braila"]
[Date "2022.11.06"]
[Round "5"]
[White "Sachilaru, Alexandru"]
[Black "Butolo, Alexandru Mircea"]
[Result "0-1"]
[WhiteElo "2185"]
[BlackElo "2043"]
[PlyCount "98"]
[EventDate "2022.11.05"]
[EventType "swiss (rapid)"]
[EventRounds "10"]
[EventCountry "ROU"]
[SourceTitle "EXT 2024"]
[Source "ChessBase"]
[SourceDate "2023.10.10"]
[SourceVersion "1"]
[SourceVersionDate "2023.10.10"]
[SourceQuality "1"]

1. c4 Nf6 2. d4 e6 3. Nf3 d5 4. Nc3 Bb4 5. Qa4+ Nc6 6. e3 0-0 7. Bd2 Re8 8. Be2 a6 9. 0-0 Bd7 10. Qc2 Bd6 11. e4 dxe4 12. Nxe4 Nxe4 13. Qxe4 e5 14. d5 Nd4 15. Nxd4 exd4 16. Qd3 Qf6 17. Bf3 Bf5 18. Qb3 b6 19. Rfe1 Qg6 20. Qd1 Bc2 21. Qc1 h5 22. Bd1 Be4 23. f3 Bf5 24. Be2 h4 25. Bf4 Bb4 26. Bd2 Bc5 27. b4 d3+ 28. bxc5 dxe2 29. Be3 Bd3 30. Bf2 h3 31. g3 Qf6 32. Qf4 Qxf4 33. gxf4 bxc5 34. Rac1 Rab8 35. Rc3 Bg6 36. Bxc5 Rb2 37. a3 Rb1 38. Kf2 Rb2 39. Be3 Bf5 40. Rxe2 Rb1 41. Bc1 Rxe2+ 42. Kxe2 Rb6 43. Ke3 Rg6 44. c5 Rg2 45. Rb3 Rxh2 46. Kd4 Rc2 47. Rb1 h2 48. Be3 Rc4+ 49. Kxc4 Bxb1 0-1

[Event "Wch U16"]
[Site "Mamaia"]
[Date "2022.09.16"]
[Round "11"]
[White "Krishnan, Ritvik"]
[Black "Sachilaru, Alexandru"]
[Result "1-0"]
[WhiteElo "2222"]
[BlackElo "2183"]
[PlyCount "121"]
[EventDate "2022.09.06"]
[EventType "swiss"]
[EventRounds "11"]
[EventCountry "ROU"]
[SourceTitle "CBM 210 Extra"]
[Source "ChessBase"]
[SourceDate "2022.11.30"]
[SourceVersion "1"]
[SourceVersionDate "2022.11.30"]
[SourceQuality "1"]

1. d4 Nf6 2. c4 g6 3. Nc3 Bg7 4. e4 0-0 5. Be3 d6 6. h3 e5 7. d5 a5 8. g4 Na6 9. Nge2 Nc5 10. Ng3 Bd7 11. Qd2 c6 12. f3 cxd5 13. cxd5 a4 14. h4 Qa5 15. h5 Rfc8 16. Nd1 Qb6 17. Nf2 Bb5 18. Ne2 Qa6 19. Nc1 Bxf1 20. Rxf1 Nfd7 21. Qe2 Qa5+ 22. Bd2 Qb6 23. Rb1 a3 24. b3 Na4 25. Qe3 Qxe3+ 26. Bxe3 Nc3 27. Ra1 f5 28. hxg6 hxg6 29. gxf5 gxf5 30. Rg1 Kf7 31. Ne2 Nxe2 32. Kxe2 Rc2+ 33. Kd3 Rac8 34. Bd2 Bf6 35. Rac1 Rxc1 36. Rxc1 Nc5+ 37. Ke2 Rh8 38. b4 Na6 39. b5 Nc5 40. Be3 fxe4 41. Bxc5 exf3+ 42. Kxf3 dxc5 43. Rxc5 Kg6 44. Rc7 Rh4 45. Ne4 Bg5 46. Nxg5 Kxg5 47. d6 Rd4 48. Rxb7 Kf5 49. Ra7 Ke6 50. Rxa3 Kxd6 51. Ra6+ Kc7 52. Ke3 Rb4 53. a4 e4 54. Kd2 Rc4 55. a5 Kb7 56. Re6 Rc5 57. a6+ Ka7 58. Re7+ Kb8 59. b6 Kc8 60. b7+ Kb8 61. Re8+ 1-0

[Event "Targu Mures op-A"]
[Site "Targu Mures"]
[Date "2022.06.11"]
[Round "9"]
[White "Sachilaru, Alexandru"]
[Black "Bonte, Andrei Mihai"]
[Result "1-0"]
[WhiteElo "2113"]
[BlackElo "2343"]
[PlyCount "123"]
[EventDate "2022.06.04"]
[EventType "swiss"]
[EventRounds "9"]
[EventCountry "ROU"]
[SourceTitle "CBM 208 Extra"]
[Source "ChessBase"]
[SourceDate "2022.07.31"]
[SourceVersion "1"]
[SourceVersionDate "2022.07.31"]
[SourceQuality "1"]

1. d4 Nf6 2. c4 e6 3. Nf3 d5 4. g3 Bb4+ 5. Bd2 Be7 6. Bg2 0-0 7. Qc2 Nbd7 8. 0-0 c6 9. Bf4 b6 10. Nbd2 Nh5 11. Rfc1 Nxf4 12. gxf4 dxc4 13. Nxc4 Bb7 14. Nfe5 Rc8 15. e3 f6 16. Nd3 Re8 17. Qb3 Ba6 18. f5 Kh8 19. Nf4 b5 20. Nd2 exf5 21. Rxc6 Rxc6 22. Bxc6 Bd6 23. Qd5 Bxf4 24. Bxd7 Bc8 25. Bc6 Qxd5 26. Bxd5 Bd6 27. Bc6 Rd8 28. Bxb5 Bb7 29. Rc1 f4 30. Bc6 fxe3 31. fxe3 Rc8 32. d5 Be5 33. Nc4 Bxc6 34. Nxe5 fxe5 35. Rxc6 Rd8 36. e4 Kg8 37. Re6 Kf7 38. Rxe5 Rc8 39. Rf5+ Ke7 40. e5 Rc5 41. e6 Kd6 42. b4 Rc4 43. a3 Rc3 44. Rf7 Kxd5 45. e7 Re3 46. Kf2 Re6 47. Rxg7 h6 48. Kf3 Re1 49. e8Q Rxe8 50. Rxa7 Kc4 51. h4 Re6 52. Kg4 Rd6 53. Kh5 Rb6 54. Rg7 Kb3 55. Rg6 Rb5+ 56. Kxh6 Kxa3 57. h5 Kxb4 58. Rc6 Rb8 59. Kg6 Kb5 60. Rc1 Rb6+ 61. Kg5 Ka6 62. Rc5 1-0

[Event "Targu Mures op-A"]
[Site "Targu Mures"]
[Date "2022.06.09"]
[Round "7"]
[White "Ciolacu, Alessia Mihaela"]
[Black "Sachilaru, Alexandru"]
[Result "1/2-1/2"]
[WhiteElo "2199"]
[BlackElo "2113"]
[PlyCount "97"]
[EventDate "2022.06.04"]
[EventType "swiss"]
[EventRounds "9"]
[EventCountry "ROU"]
[SourceTitle "CBM 208 Extra"]
[Source "ChessBase"]
[SourceDate "2022.07.31"]
[SourceVersion "1"]
[SourceVersionDate "2022.07.31"]
[SourceQuality "1"]

1. d4 Nf6 2. c4 g6 3. Nc3 Bg7 4. e4 0-0 5. Be2 d6 6. Be3 c5 7. d5 a6 8. a4 e6 9. Nf3 exd5 10. cxd5 Bg4 11. h3 Bxf3 12. Bxf3 Nbd7 13. 0-0 Re8 14. Qc2 Rb8 15. Bf4 Qe7 16. a5 b5 17. axb6 Rxb6 18. Ra2 Reb8 19. Rfa1 Ne8 20. Bd2 Nc7 21. Be2 Nb5 22. Nxb5 axb5 23. Ra7 R6b7 24. Rxb7 Rxb7 25. Ra8+ Nf8 26. Qb3 Qxe4 27. Bxb5 Qb1+ 28. Kh2 c4 29. Qxc4 Qxb2 30. Bb4 Be5+ 31. f4 Rxb5 32. Qxb5 Bxf4+ 33. Kg1 Be3+ 34. Kh2 Bf4+ 35. Kg1 Qd4+ 36. Kf1 Bg3 37. Ke2 Qf2+ 38. Kd1 Qg1+ 39. Kc2 Qxg2+ 40. Kb3 Qxh3 41. Qb8 Be5+ 42. Ka4 Qd7+ 43. Ka5 Qe7 44. Ra7 Qf6 45. Ra8 Qe7 46. Bd2 Bg7 47. Bb4 Be5 48. Ra7 Qf6 49. Ra8 1/2-1/2

[Event "ROM-ch"]
[Site "Eforie Nord"]
[Date "2022.02.24"]
[Round "6"]
[White "Sachilaru, Alexandru"]
[Black "Capragiu, Matei Stefan"]
[Result "1-0"]
[WhiteElo "2085"]
[BlackElo "1902"]
[PlyCount "73"]
[EventDate "2022.02.20"]
[EventType "swiss"]
[EventRounds "9"]
[EventCountry "ROU"]
[SourceTitle "CBM 207 Extra"]
[Source "ChessBase"]
[SourceDate "2022.05.31"]
[SourceVersion "1"]
[SourceVersionDate "2022.05.31"]
[SourceQuality "1"]

1. d4 Nf6 2. Nf3 g6 3. c4 Bg7 4. Nc3 d6 5. e4 0-0 6. h3 Nbd7 7. Be3 e5 8. d5 Ne8 9. g4 a5 10. Be2 Nc5 11. Nd2 f5 12. gxf5 gxf5 13. Qc2 f4 14. Bxc5 dxc5 15. Nf3 Nd6 16. 0-0-0 Bf6 17. h4 Kh8 18. Rdg1 Bd7 19. Ng5 Qe7 20. Nb5 Nxb5 21. cxb5 Bxg5 22. hxg5 Rg8 23. g6 Rg7 24. Qc3 Rag8 25. Rh5 Rxg6 26. Rxg6 Rxg6 27. Qxe5+ Qxe5 28. Rxe5 Kg8 29. Bc4 Kf8 30. Rh5 Kg7 31. e5 h6 32. e6 Be8 33. Rh4 Rf6 34. b6 cxb6 35. d6 Kf8 36. Rg4 Bg6 37. e7+ 1-0

[Event "ROM-ch"]
[Site "Eforie Nord"]
[Date "2022.02.20"]
[Round "1"]
[White "Manolache, Marius"]
[Black "Sachilaru, Alexandru"]
[Result "1-0"]
[WhiteElo "2485"]
[BlackElo "2085"]
[PlyCount "145"]
[EventDate "2022.02.20"]
[EventType "swiss"]
[EventRounds "9"]
[EventCountry "ROU"]
[SourceTitle "CBM 207 Extra"]
[Source "ChessBase"]
[SourceDate "2022.05.31"]
[SourceVersion "1"]
[SourceVersionDate "2022.05.31"]
[SourceQuality "1"]

1. d4 Nf6 2. Bg5 d5 3. Nd2 c5 4. e3 Nc6 5. c3 e6 6. Ngf3 Be7 7. Bd3 h6 8. Bxf6 gxf6 9. dxc5 Bxc5 10. e4 f5 11. exd5 Qxd5 12. Qe2 Bd7 13. b4 Be7 14. 0-0 Bf6 15. Nc4 Bxc3 16. Ne3 Nd4 17. Nxd4 Qxd4 18. Rad1 Qe5 19. f4 Qc7 20. Nd5 Bd4+ 21. Kh1 Qc6 22. Bc4 Kf8 23. Rxd4 exd5 24. Bxd5 Qf6 25. Qd2 Bb5 26. Rc1 Re8 27. Bf3 Kg7 28. Qf2 Rc8 29. Rcd1 Rhe8 30. h3 b6 31. Kh2 Ba4 32. R1d3 Rc2 33. Qg3+ Kh7 34. Rd6 Qg7 35. Qxg7+ Kxg7 36. Ra3 b5 37. Rd7 Rec8 38. Rxa7 R8c7 39. Ra8 R2c4 40. Bd5 Rxf4 41. Ra6 Rd4 42. Rg3+ Kf8 43. Bf3 Rxb4 44. Rxh6 Rc3 45. Rf6 f4 46. Rxf7+ Kxf7 47. Bd5+ Kf6 48. Rxc3 Rd4 49. Rc5 Ke7 50. Bg8 Kf6 51. h4 f3 52. gxf3 Rxh4+ 53. Kg3 Rd4 54. Rc6+ Kg7 55. Be6 Kf6 56. f4 Rd3+ 57. Kh4 Rd2 58. Rb6 Rh2+ 59. Kg3 Rd2 60. Bg8+ Kg7 61. Rb8 Rd3+ 62. Kh4 Rf3 63. Kg4 Bd1 64. Kf5 Bc2+ 65. Ke5 Re3+ 66. Kd4 Rf3 67. Ke5 Re3+ 68. Kd6 Rf3 69. Bd5 Rxf4 70. Rxb5 Ba4 71. Rb7+ Kg6 72. Ra7 Rd4 73. Ke5 1-0

[Event "Arad op-B 14th"]
[Site "Arad"]
[Date "2021.08.06"]
[Round "9"]
[White "Sachilaru, Alexandru"]
[Black "Bejan, Sergiu"]
[Result "1-0"]
[WhiteElo "1946"]
[BlackElo "1909"]
[PlyCount "121"]
[EventDate "2021.07.30"]
[EventType "swiss"]
[EventRounds "9"]
[EventCountry "ROU"]
[SourceTitle "EXT 2022"]
[Source "ChessBase"]
[SourceDate "2021.10.06"]
[SourceVersion "1"]
[SourceVersionDate "2021.10.06"]
[SourceQuality "1"]

1. c4 c6 2. Nf3 d5 3. d4 Nf6 4. Nc3 a6 5. Bf4 e6 6. e3 Bb4 7. Qc2 Nbd7 8. a3 Bxc3+ 9. Qxc3 0-0 10. Bd3 c5 11. Bd6 cxd4 12. exd4 Re8 13. c5 Ne4 14. Bxe4 dxe4 15. Nd2 f5 16. Nc4 Nf6 17. 0-0 Bd7 18. a4 Bc6 19. Ne5 Bd5 20. Nc4 Bxc4 21. Qxc4 Nd5 22. b4 Rc8 23. Qb3 Qg5 24. Qg3 Qxg3 25. hxg3 Nxb4 26. a5 Nc6 27. Rfb1 Nd8 28. Rb4 Rc6 29. g4 g6 30. Rab1 h6 31. gxf5 gxf5 32. Rxb7 Nxb7 33. Rxb7 Rd8 34. Rb6 Rdc8 35. Be5 Kf7 36. Rb7+ Kg6 37. Rg7+ Kh5 38. Kh2 Rf8 39. g3 Rd8 40. Rb7 Rg8 41. Re7 Kg4 42. Kg2 Kh5 43. Bd6 Rg6 44. Re8 Kg5 45. Rb8 Rg7 46. Rb6 Rc8 47. Bf4+ Kg6 48. Rxe6+ Kf7 49. Rxa6 Rgg8 50. Rxh6 Ra8 51. Bc7 f4 52. Bxf4 Rxa5 53. Rc6 Ra1 54. d5 Rd1 55. Rc7+ Kf6 56. d6 Ke6 57. Re7+ Kf6 58. Rxe4 Rc8 59. Rc4 Rc6 60. Be3 Rdxd6 61. Rf4+ 1-0

[Event "Arad op-B 14th"]
[Site "Arad"]
[Date "2021.08.02"]
[Round "5"]
[White "Sachilaru, Alexandru"]
[Black "Moldovan, Gheorghe Zamfir"]
[Result "1/2-1/2"]
[WhiteElo "1946"]
[BlackElo "1968"]
[PlyCount "47"]
[EventDate "2021.07.30"]
[EventType "swiss"]
[EventRounds "9"]
[EventCountry "ROU"]
[SourceTitle "EXT 2022"]
[Source "ChessBase"]
[SourceDate "2021.10.06"]
[SourceVersion "1"]
[SourceVersionDate "2021.10.06"]
[SourceQuality "1"]

1. d4 e6 2. c4 f5 3. g3 Nf6 4. Bg2 d5 5. Nf3 Bd6 6. 0-0 0-0 7. b3 b6 8. Bb2 Bb7 9. Nbd2 Nbd7 10. Ne1 f4 11. e3 fxe3 12. fxe3 h5 13. Nd3 Ng4 14. Rxf8+ Qxf8 15. Qe2 Qe7 16. Nf4 Ndf6 17. Nxh5 e5 18. Nxf6+ Nxf6 19. cxd5 e4 20. Rf1 Bxd5 21. Nb1 Bf7 22. Nc3 a5 23. Qf2 Bg6 24. Qe2 1/2-1/2